Normal view
MARC view
- Saʻīd, Aḥmad,
Entry Personal Name
001 - CONTROL NUMBER
- control field: 20616
003 - CONTROL NUMBER IDENTIFIER
- control field: NUST
005 - DATE AND TIME OF LATEST TRANSACTION
- control field: 20190913065607.0
008 - FIXED-LENGTH DATA ELEMENTS
- fixed length control field: 190913|| aca||aabn | a|a d
040 ## - CATALOGING SOURCE
- Original cataloging agency: NUST
- Transcribing agency: NUST
100 ## - HEADING--PERSONAL NAME
- Personal name: Saʻīd, Aḥmad,
- Dates associated with a name: 1942-
670 ## - SOURCE DATA FOUND
- Source citation: Work cat.: (NUST)0: Saʻīd, Aḥmad, 1942-, Muslim India, 1857-1947 :, 1997.
